[Event "Sunway Formentera op 3rd"]
[Site "Sant Ferran de ses Roques"]
[Date "2024.04.10"]
[Round "2"]
[White "Baklan, Vladimir"]
[Black "Doluhanova, Evgeniya"]
[Result "1-0"]
[WhiteElo "2531"]
[BlackElo "2273"]
[PlyCount "65"]
[EventDate "2024.04.09"]
[EventType "swiss"]
[EventRounds "10"]
[EventCountry "ESP"]
[SourceTitle "CB17_2024"]
[SourceDate "2024.04.24"]
[SourceVersion "1"]
[SourceVersionDate "2024.04.24"]
[SourceQuality "1"]

1. e4 e5 2. Nf3 Nc6 3. Bb5 Nf6 4. d3 Bc5 5. Bxc6 dxc6 6. Nc3 Bd6 7. Ne2 h6 8. Ng3 Be6 9. 0-0 Qe7 10. b3 0-0-0 11. Bb2 h5 12. Re1 Ng4 13. h3 Qf6 14. Qd2 h4 15. Nf1 Nh6 16. Qe3 c5 17. N1d2 Ng8 18. b4 cxb4 19. Qxa7 Ne7 20. Qa8+ Kd7 21. Qxb7 Nc6 22. d4 Rb8 23. Qa6 exd4 24. e5 Nxe5 25. Bxd4 Nxf3+ 26. Nxf3 Qf4 27. Rad1 Ke7 28. Be5 Bxe5 29. Nxe5 Rb6 30. Qa5 Rc8 31. Qc5+ Ke8 32. Nc6 Qf6 33. Rd3 1-0

[Event "CZE-chT 2324"]
[Site "Czech Republic"]
[Date "2023.10.15"]
[Round "2.1"]
[White "Piesik, Piotr"]
[Black "Baklan, Vladimir"]
[Result "1-0"]
[WhiteElo "2426"]
[BlackElo "2546"]
[PlyCount "89"]
[EventDate "2023.10.14"]
[EventType "team-tourn"]
[EventRounds "11"]
[EventCountry "CZE"]
[SourceTitle "Mega2024 Update 01"]
[Source "Chessbase"]
[SourceDate "2023.11.12"]
[SourceVersion "1"]
[SourceVersionDate "2023.11.12"]
[SourceQuality "1"]
[WhiteTeam "Frydek Mistek"]
[BlackTeam "Lysa nad Labem"]
[WhiteTeamCountry "CZE"]
[BlackTeamCountry "CZE"]

1. d4 Nf6 2. c4 e6 3. Nc3 Bb4 4. f3 c5 5. d5 d6 6. e4 0-0 7. Nge2 a6 8. Ng3 b5 9. Bf4 exd5 10. cxd5 c4 11. Be2 Qb6 12. a4 Ba5 13. Bg5 b4 14. Nb1 c3 15. bxc3 bxc3 16. Qc1 Nfd7 17. Na3 Ne5 18. Be3 Qb2 19. 0-0 Bb6 20. Nc2 Bd7 21. Qxb2 cxb2 22. Ra2 Rc8 23. Rxb2 Ba5 24. Nd4 g6 25. Rfb1 Bc3 26. Ra2 Nc4 27. Bf2 Nb2 28. Raxb2 Bxb2 29. Rxb2 Bxa4 30. Ra2 Be8 31. Be1 Rc1 32. Kf2 Nd7 33. Nb5 Nc5 34. Nxd6 Bd7 35. Bd2 Rb1 36. Be3 Na4 37. Bd4 a5 38. Bd3 Rb3 39. Bc2 Rb4 40. Ne2 Ra6 41. e5 Nb6 42. Bc5 Nxd5 43. Bd3 Rc6 44. Bxb4 Nxb4 45. Ra3 1-0

[Event "World-chT Rapid"]
[Site "Dusseldorf"]
[Date "2023.08.28"]
[Round "9"]
[White "Baklan, Vladimir"]
[Black "Elier, Ali"]
[Result "1-0"]
[WhiteElo "2550"]
[BlackElo "2187"]
[PlyCount "73"]
[EventDate "2023.08.26"]
[EventType "team-swiss (rapid)"]
[EventRounds "12"]
[EventCountry "GER"]
[SourceTitle "CBM 215 Extra"]
[Source "ChessBase"]
[SourceDate "2023.09.30"]
[SourceVersion "1"]
[SourceVersionDate "2023.09.30"]
[SourceQuality "1"]
[WhiteTeam "Ukraine Amators"]
[BlackTeam "Wensing & Poebel"]
[WhiteTeamCountry "UKR"]
[BlackTeamCountry "GER"]

1. e4 e5 2. Nf3 Nc6 3. Bb5 a6 4. Ba4 b5 5. Bb3 Na5 6. d4 exd4 7. Nxd4 Bb7 8. Qf3 Nf6 9. 0-0 Be7 10. Nf5 0-0 11. Qg3 g6 12. f3 Bc5+ 13. Kh1 Kh8 14. Bh6 Nxb3 15. axb3 Re8 16. Nc3 Nh5 17. Qg4 Rg8 18. Ne3 d6 19. Qh3 Bc8 20. g4 c6 21. Rad1 Qf6 22. f4 Bxe3 23. Bg5 Qg7 24. Qxe3 Bxg4 25. Rxd6 Rae8 26. Qc5 f6 27. Bh4 Qh6 28. Rxf6 Bh3 29. Rg1 Qg7 30. e5 Qd7 31. Qe3 Rg7 32. Ne4 Rge7 33. Rd6 Qf5 34. Bxe7 Rxe7 35. Ng5 Nxf4 36. e6 h6 37. Qd4+ 1-0

[Event "World-chT Rapid"]
[Site "Dusseldorf"]
[Date "2023.08.27"]
[Round "7.7"]
[White "Baklan, Vladimir"]
[Black "Jobava, Baadur"]
[Result "0-1"]
[WhiteElo "2550"]
[BlackElo "2574"]
[PlyCount "108"]
[EventDate "2023.08.26"]
[EventType "team-swiss (rapid)"]
[EventRounds "12"]
[EventCountry "GER"]
[SourceTitle "CBM 215 Extra"]
[Source "ChessBase"]
[SourceDate "2023.09.30"]
[SourceVersion "1"]
[SourceVersionDate "2023.09.30"]
[SourceQuality "1"]
[WhiteTeam "Ukraine Amators"]
[BlackTeam "Krakow Columbus Energy"]
[WhiteTeamCountry "UKR"]
[BlackTeamCountry "POL"]

1. e4 c5 2. Nf3 e6 3. d4 cxd4 4. Nxd4 Nf6 5. Nc3 Bb4 6. e5 Nd5 7. Qg4 Kf8 8. Bd2 h5 9. Qg3 h4 10. Qg4 Nc6 11. Nxc6 bxc6 12. Ne4 Rb8 13. c3 Be7 14. b3 Qc7 15. f4 f5 16. exf6 Nxf6 17. Nxf6 Bxf6 18. Be2 d5 19. Qf3 c5 20. Qf2 h3 21. g3 Bb7 22. Rc1 d4 23. 0-0 d3 24. Bf3 Kf7 25. Qe3 Bxf3 26. Rxf3 c4 27. g4 cxb3 28. axb3 Rxb3 29. g5 Be7 30. g6+ Kf8 31. Qxe6 Qb6+ 32. Qxb6 Rxb6 33. Rxd3 Rxg6+ 34. Kf1 Kf7 35. Ra1 a6 36. f5 Rd6 37. Rxd6 Bxd6 38. Kg1 Bc5+ 39. Kf1 Rh5 40. Rxa6 Rxf5+ 41. Ke1 Bg1 42. c4 Bxh2 43. Ra7+ Kg6 44. Ra3 Rh5 45. Kf2 Bd6 46. Ra1 Rf5+ 47. Kg1 Kh5 48. Be3 g5 49. Rd1 Bc5 50. Bxc5 Rxc5 51. Kh2 Kh4 52. Rd3 g4 53. Rc3 Re5 54. c5 g3+ 0-1

[Event "World-chT Rapid"]
[Site "Dusseldorf"]
[Date "2023.08.26"]
[Round "1.16"]
[White "Baklan, Vladimir"]
[Black "Kraus, Sebastian"]
[Result "1-0"]
[WhiteElo "2550"]
[BlackElo "1904"]
[PlyCount "57"]
[EventDate "2023.08.26"]
[EventType "team-swiss (rapid)"]
[EventRounds "12"]
[EventCountry "GER"]
[SourceTitle "CBM 215 Extra"]
[Source "ChessBase"]
[SourceDate "2023.09.30"]
[SourceVersion "1"]
[SourceVersionDate "2023.09.30"]
[SourceQuality "1"]
[WhiteTeam "Ukraine Amators"]
[BlackTeam "Bayreuth Unischach"]
[WhiteTeamCountry "UKR"]
[BlackTeamCountry "GER"]

1. e4 e5 2. Nf3 Nc6 3. Bb5 a6 4. Ba4 Nf6 5. Nc3 b5 6. Bb3 Be7 7. a4 b4 8. Nd5 0-0 9. Nxf6+ Bxf6 10. Bd5 Rb8 11. Bxc6 dxc6 12. b3 Re8 13. h3 g6 14. d3 Bg7 15. Be3 Qd6 16. g4 c5 17. Rg1 c4 18. dxc4 Qc6 19. Nd2 Be6 20. Qe2 f5 21. gxf5 gxf5 22. Bh6 Re7 23. 0-0-0 Kh8 24. Bxg7+ Rxg7 25. Rxg7 Kxg7 26. exf5 Bf7 27. Qxe5+ Kf8 28. Qh8+ Bg8 29. Rg1 1-0

[Event "FRA-chT Top 16 GpA"]
[Site "Chartres"]
[Date "2023.06.07"]
[Round "7.3"]
[White "Pichot, Alan"]
[Black "Baklan, Vladimir"]
[Result "1/2-1/2"]
[WhiteElo "2638"]
[BlackElo "2544"]
[PlyCount "94"]
[EventDate "2023.06.01"]
[EventType "team-tourn"]
[EventRounds "7"]
[EventCountry "FRA"]
[SourceTitle "CBM 214 Extra"]
[Source "ChessBase"]
[SourceDate "2023.07.31"]
[SourceVersion "1"]
[SourceVersionDate "2023.07.31"]
[SourceQuality "1"]
[WhiteTeam "Lyon"]
[BlackTeam "Strasbourg"]
[WhiteTeamCountry "FRA"]
[BlackTeamCountry "FRA"]

1. e4 c5 2. Nf3 Nc6 3. d4 cxd4 4. Nxd4 e5 5. Nb5 d6 6. c4 g6 7. Bd3 Be6 8. 0-0 a6 9. N5c3 Bg7 10. Nd5 Nf6 11. Nbc3 Nd7 12. Be3 0-0 13. Qd2 Rc8 14. Rac1 Kh8 15. b4 f5 16. exf5 gxf5 17. f4 Qe8 18. Kh1 exf4 19. Bxf4 Nce5 20. Rce1 Nxd3 21. Qxd3 Ne5 22. Bxe5 dxe5 23. Nb6 e4 24. Qg3 Bxc4 25. Nxc4 Rxc4 26. Nd5 Qe5 27. Nf4 Rxb4 28. Qh3 Rb6 29. Rd1 e3 30. Rde1 Re8 31. Qh5 Qe4 32. Nd5 Rg6 33. Nf4 Rh6 34. Qg5 Rg8 35. Rxe3 Bf8 36. Rxe4 Rxg5 37. Re8 Rg8 38. Re5 Rf6 39. Nd5 Rf7 40. Rexf5 Rxf5 41. Rxf5 Bd6 42. g3 Rf8 43. Rxf8+ Bxf8 44. Kg2 Kg8 45. Kf3 Kf7 46. Ke4 Ke6 47. g4 Bd6 1/2-1/2

[Event "CZE-chT 2223"]
[Site "Czech Republic"]
[Date "2023.03.24"]
[Round "9.5"]
[White "Hracek, Zbynek"]
[Black "Baklan, Vladimir"]
[Result "1/2-1/2"]
[WhiteElo "2542"]
[BlackElo "2573"]
[PlyCount "43"]
[EventDate "2022.10.15"]
[EventType "team-tourn"]
[EventRounds "11"]
[EventCountry "CZE"]
[SourceTitle "CBM 213 Extra"]
[Source "ChessBase"]
[SourceDate "2023.05.31"]
[SourceVersion "1"]
[SourceVersionDate "2023.05.31"]
[SourceQuality "1"]
[WhiteTeam "Pardubice"]
[BlackTeam "Lysa nad Labem"]
[WhiteTeamCountry "CZE"]
[BlackTeamCountry "CZE"]

1. d4 Nf6 2. c4 e6 3. Nf3 Bb4+ 4. Bd2 a5 5. a3 Bxd2+ 6. Qxd2 0-0 7. Nc3 d5 8. e3 Qe7 9. Rc1 Rd8 10. Qc2 Nbd7 11. Be2 dxc4 12. 0-0 c5 13. Bxc4 cxd4 14. Nxd4 Nb6 15. Be2 a4 16. Rfd1 Bd7 17. Bf3 Be8 18. Ndb5 Nc4 19. Be2 Rdc8 20. Bxc4 Rxc4 21. Nd6 Rc7 22. Nxe8 1/2-1/2

[Event "BL2-West 2223"]
[Site "Germany"]
[Date "2023.03.19"]
[Round "10.2"]
[White "Baklan, Vladimir"]
[Black "Bethke, Richard"]
[Result "1-0"]
[WhiteElo "2573"]
[BlackElo "2373"]
[PlyCount "81"]
[EventDate "2022.10.22"]
[EventType "team-tourn"]
[EventRounds "10"]
[EventCountry "GER"]
[SourceTitle "EXT 2024"]
[Source "ChessBase"]
[SourceDate "2023.10.10"]
[SourceVersion "1"]
[SourceVersionDate "2023.10.10"]
[SourceQuality "1"]
[WhiteTeam "Siegburg"]
[BlackTeam "Neuberg"]
[WhiteTeamCountry "GER"]
[BlackTeamCountry "GER"]

1. e4 e5 2. Nf3 Nc6 3. Bb5 a6 4. Ba4 Nf6 5. 0-0 Be7 6. d3 b5 7. Bb3 d6 8. a4 Bd7 9. Be3 Na5 10. Ba2 c5 11. axb5 axb5 12. Nc3 0-0 13. Nd5 Nc6 14. c3 Nxd5 15. Bxd5 Qc7 16. Rxa8 Rxa8 17. Ng5 Bxg5 18. Bxg5 Rb8 19. f4 exf4 20. d4 cxd4 21. cxd4 Nb4 22. Bxf7+ Kxf7 23. Bxf4 Kg8 24. Qb3+ Qc4 25. Qxc4+ bxc4 26. Bxd6 Na6 27. Bxb8 Nxb8 28. d5 Bb5 29. Ra1 Nd7 30. Kf2 Nc5 31. Ke3 Nd3 32. Kd4 Kf8 33. Ra7 Nf4 34. Rb7 Ne2+ 35. Kc5 c3 36. bxc3 Bd3 37. e5 Be4 38. c4 Bxg2 39. Kd6 Nd4 40. Rb8+ Kf7 41. e6+ 1-0

[Event "BL2-West 2223"]
[Site "Germany"]
[Date "2023.03.18"]
[Round "9.2"]
[White "Margolin, Boris"]
[Black "Baklan, Vladimir"]
[Result "1/2-1/2"]
[WhiteElo "2387"]
[BlackElo "2573"]
[PlyCount "77"]
[EventDate "2022.10.22"]
[EventType "team-tourn"]
[EventRounds "10"]
[EventCountry "GER"]
[SourceTitle "EXT 2024"]
[Source "ChessBase"]
[SourceDate "2023.10.10"]
[SourceVersion "1"]
[SourceVersionDate "2023.10.10"]
[SourceQuality "1"]
[WhiteTeam "Oberursel"]
[BlackTeam "Siegburg"]
[WhiteTeamCountry "GER"]
[BlackTeamCountry "GER"]

1. e4 c5 2. Nf3 Nc6 3. Bb5 g6 4. Bxc6 bxc6 5. 0-0 Bg7 6. Re1 Qc7 7. c3 d6 8. h3 Nf6 9. d4 cxd4 10. cxd4 0-0 11. Nc3 Qb7 12. Re2 Rd8 13. Bf4 h6 14. Be3 a5 15. Rc1 a4 16. Qc2 Be6 17. Rd2 Rdc8 18. Qd1 Bc4 19. Rdc2 Qa6 20. Rd2 Rcb8 21. Qc2 Nd7 22. e5 dxe5 23. dxe5 Nxe5 24. Nxe5 Bxe5 25. Bxh6 Bd5 26. Re1 Bf6 27. Be3 Qc4 28. Nxd5 cxd5 29. Qxc4 dxc4 30. Bd4 Rd8 31. Red1 Bg5 32. Be3 Rxd2 33. Rxd2 Bf6 34. Rc2 Rc8 35. Kf1 Rc6 36. Ke2 Be5 37. Bd2 Bd4 38. Be3 e5 39. f4 1/2-1/2

[Event "Walsrode Chessemy op-A"]
[Site "Walsrode"]
[Date "2023.03.07"]
[Round "4"]
[White "Krassowizkij, Jaroslaw"]
[Black "Baklan, Vladimir"]
[Result "1/2-1/2"]
[WhiteElo "2451"]
[BlackElo "2546"]
[PlyCount "33"]
[EventDate "2023.03.04"]
[EventType "swiss"]
[EventRounds "9"]
[EventCountry "GER"]
[SourceTitle "CBM 213 Extra"]
[Source "ChessBase"]
[SourceDate "2023.05.31"]
[SourceVersion "1"]
[SourceVersionDate "2023.05.31"]
[SourceQuality "1"]

1. e4 c5 2. Nf3 Nc6 3. d4 cxd4 4. Nxd4 Nf6 5. Nc3 d6 6. Bg5 e6 7. Qd3 a6 8. Nxc6 bxc6 9. 0-0-0 Qa5 10. h4 Be7 11. Qg3 Rb8 12. Bc4 Nh5 13. Qf3 Bxg5+ 14. hxg5 Qxg5+ 15. Kb1 Nf6 16. Rxd6 0-0 17. Rd3 1/2-1/2

[Event "Walsrode Chessemy op-A"]
[Site "Walsrode"]
[Date "2023.03.05"]
[Round "2"]
[White "Wahedi, Ahmad Siar"]
[Black "Baklan, Vladimir"]
[Result "0-1"]
[WhiteElo "2256"]
[BlackElo "2546"]
[PlyCount "56"]
[EventDate "2023.03.04"]
[EventType "swiss"]
[EventRounds "9"]
[EventCountry "GER"]
[SourceTitle "CBM 213 Extra"]
[Source "ChessBase"]
[SourceDate "2023.05.31"]
[SourceVersion "1"]
[SourceVersionDate "2023.05.31"]
[SourceQuality "1"]

1. e4 c5 2. Nf3 Nc6 3. d4 cxd4 4. Nxd4 Nf6 5. Nc3 d6 6. g3 e6 7. Bg2 Bd7 8. 0-0 a6 9. a4 Be7 10. Be3 0-0 11. h3 Rc8 12. Nxc6 Bxc6 13. a5 Qc7 14. Bb6 Qb8 15. f4 Rfe8 16. Rf2 Nd7 17. Be3 Bf6 18. Ra3 Bxc3 19. Rxc3 Nf6 20. Qd4 d5 21. e5 Ne4 22. Bxe4 dxe4 23. Qd6 Red8 24. Qxb8 Rxb8 25. Bb6 Rd1+ 26. Rf1 Rd2 27. Rf2 Rd5 28. Rc4 Rd1+ 0-1

[Event "BL2-West 2223"]
[Site "Germany"]
[Date "2023.02.04"]
[Round "5.2"]
[White "Baklan, Vladimir"]
[Black "Rezasade, Amir"]
[Result "1-0"]
[WhiteElo "2573"]
[BlackElo "2355"]
[PlyCount "65"]
[EventDate "2022.10.22"]
[EventType "team-tourn"]
[EventRounds "10"]
[EventCountry "GER"]
[SourceTitle "EXT 2024"]
[Source "ChessBase"]
[SourceDate "2023.10.10"]
[SourceVersion "1"]
[SourceVersionDate "2023.10.10"]
[SourceQuality "1"]
[WhiteTeam "Siegburg"]
[BlackTeam "Muelheim Nord II"]
[WhiteTeamCountry "GER"]
[BlackTeamCountry "GER"]

1. e4 c6 2. d4 d5 3. e5 c5 4. dxc5 e6 5. a3 Nc6 6. Nf3 Bxc5 7. Bd3 Nge7 8. b4 Bb6 9. Bb2 Ng6 10. 0-0 Bc7 11. Re1 a6 12. Nbd2 Nf4 13. Bf1 0-0 14. Nb3 b6 15. h4 Ng6 16. h5 Nh4 17. h6 g6 18. Nh2 Nf5 19. Ng4 Kh8 20. g3 Bb7 21. Bg2 Qb8 22. Qe2 Nce7 23. Rad1 Bc6 24. c4 Rd8 25. cxd5 Bxd5 26. Bxd5 Nxd5 27. Qf3 Nde7 28. Rd6 Ng8 29. Nd4 Re8 30. Rd7 Re7 31. Nc6 Qb7 32. Rd3 Ree8 33. Nd8 1-0

[Event "BL2-West 2223"]
[Site "Germany"]
[Date "2022.11.27"]
[Round "4.2"]
[White "Braun, Christian1111"]
[Black "Baklan, Vladimir"]
[Result "1/2-1/2"]
[WhiteElo "2437"]
[BlackElo "2573"]
[PlyCount "27"]
[EventDate "2022.10.22"]
[EventType "team-tourn"]
[EventRounds "10"]
[EventCountry "GER"]
[SourceTitle "EXT 2024"]
[Source "ChessBase"]
[SourceDate "2023.10.10"]
[SourceVersion "1"]
[SourceVersionDate "2023.10.10"]
[SourceQuality "1"]
[WhiteTeam "Koeln Porz"]
[BlackTeam "Siegburg"]
[WhiteTeamCountry "GER"]
[BlackTeamCountry "GER"]

1. e4 e6 2. d3 d5 3. Nd2 Nf6 4. Ngf3 Nc6 5. Be2 Bd6 6. 0-0 0-0 7. c3 a5 8. a4 h6 9. Re1 Re8 10. Bf1 e5 11. exd5 Nxd5 12. Nc4 Bg4 13. Be2 Rb8 14. Qb3 1/2-1/2

[Event "CZE-chT 2223"]
[Site "Czech Republic"]
[Date "2022.10.16"]
[Round "2.4"]
[White "Baklan, Vladimir"]
[Black "Straka, Vojtech"]
[Result "0-1"]
[WhiteElo "2573"]
[BlackElo "2424"]
[PlyCount "70"]
[EventDate "2022.10.15"]
[EventType "team-tourn"]
[EventRounds "11"]
[EventCountry "CZE"]
[SourceTitle "CBM 210 Extra"]
[Source "ChessBase"]
[SourceDate "2022.11.30"]
[SourceVersion "1"]
[SourceVersionDate "2022.11.30"]
[SourceQuality "1"]
[WhiteTeam "Lysa nad Labem"]
[BlackTeam "Oaza Loznice.cz"]
[WhiteTeamCountry "CZE"]
[BlackTeamCountry "CZE"]

1. e4 c5 2. Nf3 Nc6 3. Bb5 g6 4. Bxc6 bxc6 5. 0-0 Bg7 6. Re1 Qc7 7. c3 d6 8. h3 Nf6 9. d4 cxd4 10. cxd4 0-0 11. Nc3 Bb7 12. Bg5 c5 13. d5 Rfe8 14. Rc1 Nd7 15. b3 Nb6 16. Bf4 Qd7 17. Qd2 Rac8 18. Bh6 Bh8 19. a4 a5 20. Nb5 Ra8 21. Ng5 Ba6 22. Na3 c4 23. Qe3 cxb3 24. Rc6 Nxa4 25. Qf3 f6 26. Ne6 Qb7 27. Rb1 b2 28. Nc7 Nc5 29. Qg4 Bd3 30. Rxc5 f5 31. exf5 Bxf5 32. Qe2 dxc5 33. Nxe8 Rxe8 34. Nc4 Qxd5 35. Rxb2 Bd3 0-1

[Event "ROM-chT"]
[Site "Oradea"]
[Date "2022.09.26"]
[Round "6.5"]
[White "Cioara, Andrei Nestor"]
[Black "Baklan, Vladimir"]
[Result "1/2-1/2"]
[WhiteElo "2407"]
[BlackElo "2578"]
[PlyCount "51"]
[EventDate "2022.09.21"]
[EventType "team-tourn"]
[EventRounds "9"]
[EventCountry "ROU"]
[SourceTitle "EXT 2024"]
[Source "ChessBase"]
[SourceDate "2023.10.10"]
[SourceVersion "1"]
[SourceVersionDate "2023.10.10"]
[SourceQuality "1"]
[WhiteTeam "Craiova Oltenia"]
[BlackTeam "Timisoara Medicina"]
[WhiteTeamCountry "ROU"]
[BlackTeamCountry "ROU"]

1. d4 Nf6 2. Nf3 e6 3. Bf4 d5 4. e3 c5 5. c3 Bd6 6. Bxd6 Qxd6 7. Ne5 Nbd7 8. f4 Qb6 9. Qb3 0-0 10. Qxb6 axb6 11. Bd3 Nxe5 12. fxe5 Ng4 13. Ke2 f6 14. h3 Nh6 15. exf6 gxf6 16. Nd2 Bd7 17. Rhf1 Rae8 18. Rf3 e5 19. dxe5 Rxe5 20. Raf1 Rfe8 21. Rg3+ Kf7 22. Rgf3 Kg7 23. Rg3+ Rg5 24. Rxg5+ fxg5 25. Rf2 Re7 26. Nf1 1/2-1/2

[Event "Trieste op 24th"]
[Site "Trieste"]
[Date "2022.09.08"]
[Round "8"]
[White "Baklan, Vladimir"]
[Black "Samunenkov, Igor"]
[Result "1/2-1/2"]
[WhiteElo "2578"]
[BlackElo "2469"]
[PlyCount "27"]
[EventDate "2022.09.03"]
[EventType "swiss"]
[EventRounds "9"]
[EventCountry "ITA"]
[SourceTitle "CBM 210 Extra"]
[Source "ChessBase"]
[SourceDate "2022.11.30"]
[SourceVersion "1"]
[SourceVersionDate "2022.11.30"]
[SourceQuality "1"]

1. Nf3 Nf6 2. g3 c5 3. Bg2 Nc6 4. 0-0 e5 5. d3 d5 6. Bg5 Be7 7. Nfd2 d4 8. c3 Nd5 9. Bxe7 Ndxe7 10. Na3 0-0 11. Nac4 Rb8 12. a4 Be6 13. a5 b5 14. axb6 1/2-1/2

[Event "Trieste op 24th"]
[Site "Trieste"]
[Date "2022.09.06"]
[Round "5"]
[White "Baklan, Vladimir"]
[Black "Petrov, Marian"]
[Result "1/2-1/2"]
[WhiteElo "2578"]
[BlackElo "2448"]
[PlyCount "25"]
[EventDate "2022.09.03"]
[EventType "swiss"]
[EventRounds "9"]
[EventCountry "ITA"]
[SourceTitle "CBM 210 Extra"]
[Source "ChessBase"]
[SourceDate "2022.11.30"]
[SourceVersion "1"]
[SourceVersionDate "2022.11.30"]
[SourceQuality "1"]

1. e4 c5 2. Nf3 Nc6 3. Bb5 g6 4. Bxc6 dxc6 5. d3 Bg7 6. h3 e5 7. a3 Qe7 8. Nbd2 Nf6 9. b4 Be6 10. bxc5 Nh5 11. 0-0 Nf4 12. Nb3 g5 13. Rb1 1/2-1/2

[Event "Trieste op 24th"]
[Site "Trieste"]
[Date "2022.09.06"]
[Round "6"]
[White "Holtel, Jasper"]
[Black "Baklan, Vladimir"]
[Result "0-1"]
[WhiteElo "2406"]
[BlackElo "2578"]
[PlyCount "88"]
[EventDate "2022.09.03"]
[EventType "swiss"]
[EventRounds "9"]
[EventCountry "ITA"]
[SourceTitle "CBM 210 Extra"]
[Source "ChessBase"]
[SourceDate "2022.11.30"]
[SourceVersion "1"]
[SourceVersionDate "2022.11.30"]
[SourceQuality "1"]

1. Nf3 c5 2. g3 g6 3. Bg2 Bg7 4. c4 Nc6 5. Nc3 d6 6. 0-0 Bf5 7. h3 Qc8 8. Kh2 Nf6 9. d3 0-0 10. e4 Bd7 11. Be3 a6 12. a4 Rb8 13. Qd2 e5 14. Bh6 Nb4 15. Bxg7 Kxg7 16. Nh4 Qd8 17. b3 Nh5 18. Bf3 Nf4 19. Nf5+ gxf5 20. gxf4 Qf6 21. Rg1+ Kh8 22. exf5 Bxf5 23. Be4 Bg6 24. fxe5 dxe5 25. Rad1 Rbd8 26. Qe3 b6 27. Rd2 Qg7 28. Bf5 Nc6 29. Nd5 Nd4 30. Bg4 f5 31. Bd1 f4 32. Qe1 Rde8 33. f3 Qh6 34. Rg4 Bf5 35. Rh4 Qd6 36. a5 bxa5 37. Rh5 Qg6 38. Qh4 Rg8 39. Qf6+ Rg7 40. Qxg6 Rxg6 41. Ra2 Bxd3 42. Nc7 Reg8 43. Nd5 Be2 44. Rxe2 Nxf3+ 0-1

[Event "Trieste op 24th"]
[Site "Trieste"]
[Date "2022.09.05"]
[Round "4"]
[White "Korneev, Oleg"]
[Black "Baklan, Vladimir"]
[Result "1/2-1/2"]
[WhiteElo "2460"]
[BlackElo "2578"]
[PlyCount "31"]
[EventDate "2022.09.03"]
[EventType "swiss"]
[EventRounds "9"]
[EventCountry "ITA"]
[SourceTitle "CBM 210 Extra"]
[Source "ChessBase"]
[SourceDate "2022.11.30"]
[SourceVersion "1"]
[SourceVersionDate "2022.11.30"]
[SourceQuality "1"]

1. e4 c5 2. Nf3 d6 3. d4 cxd4 4. Nxd4 Nf6 5. Nc3 a6 6. Be3 e5 7. Nf3 Be7 8. Bc4 0-0 9. 0-0 Nc6 10. Bg5 Be6 11. Bb3 Nd7 12. Bxe7 Qxe7 13. Nd5 Qd8 14. Qe2 Nc5 15. Rad1 Nxb3 16. axb3 1/2-1/2

[Event "Aarhus Skolernes 50"]
[Site "Aarhus"]
[Date "2022.07.11"]
[Round "1"]
[White "Baklan, Vladimir"]
[Black "Liu, Casper Yukun"]
[Result "1-0"]
[WhiteElo "2589"]
[BlackElo "2317"]
[PlyCount "77"]
[EventDate "2022.07.11"]
[EventType "tourn"]
[EventRounds "9"]
[EventCountry "DEN"]
[EventCategory "10"]
[SourceTitle "CBM 209 Extra"]
[Source "ChessBase"]
[SourceDate "2022.09.30"]
[SourceVersion "1"]
[SourceVersionDate "2022.09.30"]
[SourceQuality "1"]

1. e4 e5 2. Nf3 Nc6 3. Bb5 Nf6 4. d3 Bc5 5. Bxc6 dxc6 6. Nc3 Be6 7. 0-0 Nd7 8. Ng5 Nf8 9. Qh5 Qf6 10. Be3 Bd6 11. Rae1 0-0-0 12. Ne2 h6 13. Nxe6 Nxe6 14. g3 g6 15. Qh3 Kb8 16. Qg2 g5 17. Kh1 Rdg8 18. f3 Nf4 19. Qf2 Nh3 20. Bxa7+ Ka8 21. Qg2 Qe6 22. Ng1 Kxa7 23. Qxh3 Qg6 24. Qg2 h5 25. h3 g4 26. h4 f5 27. exf5 Qxf5 28. fxg4 Qxg4 29. Rf3 Rg6 30. Re4 Qe6 31. b3 Rhg8 32. Nh3 Qd7 33. Ng5 Be7 34. Nf7 Bf6 35. Nxe5 Bxe5 36. Rxe5 Rg4 37. Re4 Rxe4 38. dxe4 Qd1+ 39. Qg1+ 1-0

[Event "Oberliga NRW 2122"]
[Site "Germany"]
[Date "2022.05.08"]
[Round "9.1"]
[White "Bosch, Jeroen"]
[Black "Baklan, Vladimir"]
[Result "1/2-1/2"]
[WhiteElo "2428"]
[BlackElo "2591"]
[PlyCount "32"]
[EventDate "2021.10.31"]
[EventType "team-tourn"]
[EventRounds "9"]
[EventCountry "GER"]
[SourceTitle "EXT 2023"]
[Source "ChessBase"]
[SourceDate "2022.10.05"]
[SourceVersion "1"]
[SourceVersionDate "2022.10.05"]
[SourceQuality "1"]
[WhiteTeam "Letmathe"]
[BlackTeam "Siegburg"]
[WhiteTeamCountry "GER"]
[BlackTeamCountry "GER"]

1. e4 e6 2. d4 d5 3. Nc3 Bb4 4. e5 Ne7 5. a3 Bxc3+ 6. bxc3 b6 7. Qg4 Ng6 8. h4 h5 9. Qg3 Ba6 10. Bxa6 Nxa6 11. Bg5 Qc8 12. Ne2 c5 13. Qf3 cxd4 14. cxd4 Qc4 15. 0-0 Rc8 16. c3 Ne7 1/2-1/2

[Event "EU-ch 22nd"]
[Site "Terme Catez"]
[Date "2022.04.05"]
[Round "10"]
[White "Baklan, Vladimir"]
[Black "Maurizzi, Marc Andria"]
[Result "1-0"]
[WhiteElo "2591"]
[BlackElo "2493"]
[PlyCount "97"]
[EventDate "2022.03.27"]
[EventType "swiss"]
[EventRounds "11"]
[EventCountry "SLO"]
[SourceTitle "CBM 208"]
[Source "ChessBase"]
[SourceDate "2022.06.30"]
[SourceVersion "1"]
[SourceVersionDate "2022.06.30"]
[SourceQuality "1"]

1. e4 e5 2. Nf3 Nf6 3. d4 Nxe4 4. Bd3 Nc6 5. Nxe5 Nxe5 6. dxe5 Nc5 7. Bc4 d6 8. Qf3 Ne6 9. exd6 Bxd6 10. Be3 Be5 11. c3 0-0 12. Nd2 c6 13. 0-0-0 Qc7 14. Rhe1 Bd7 15. Ne4 b5 16. Bb3 a5 17. Bc2 Rfe8 18. Qh5 g6 19. Qh4 f5 20. Nf6+ Bxf6 21. Qxf6 Rf8 22. Qh4 Rf7 23. Bd4 Nxd4 24. Qxd4 c5 25. Qd6 Rc8 26. Re5 Qxd6 27. Rxd6 Kf8 28. a4 bxa4 29. Ra6 Re8 30. Rxe8+ Bxe8 31. Ra8 Re7 32. Bxa4 Kf7 33. Bb3+ Kf6 34. Rxa5 Re2 35. Rxc5 Rxf2 36. Bd5 Bf7 37. Rc6+ Ke7 38. Rc7+ Kd6 39. Rxf7 Kxd5 40. Rd7+ Ke4 41. b4 Rxg2 42. b5 f4 43. b6 Rg5 44. b7 Rb5 45. Rd4+ Ke3 46. Rb4 f3 47. Rxb5 f2 48. b8Q f1Q+ 49. Kb2 1-0